000 00474nam a2200145 i 4500
001 76188
003 ES-MaACL
007 t|
008 040929s1921 gw ||||1| ger d
100 1 _aGuckenheimer, E.
_960383
245 1 4 _aDer begriff der ehrlosen gesinnung im Strafrecht
_b: ein beitrag zur strafreichen beurteilung politischer Verbrecher /
_cvon E. Guckenheimer.
260 _aHamburg :
_bW. Gente,
_c1921.
300 _a112 p. ;
_c23 cm.
852 _aES-MaACL
_jG-13845
999 _c76188
_d76188